Tablica rejestracyjna do miasta - cz.1 - Statystyki

Ogólne statystyki
  • Ten quiz został rozwiązany 73 razy
  • Średni wynik to 16 z 20
Statystyki odpowiedzi
Hint Odpowiedź % Poprawnych
KWI Wieliczka
91%
SB Bielsko Biała
89%
PGN Gniezno
89%
DJE Jelenia Góra
88%
PP Piła
88%
BAU Augustów
85%
LC Chełm
85%
TOS Ostrowiec Świetokrzyski
85%
EPJ Pajęczno
85%
RLS Lesko
83%
WS Siedlce
83%
ZST Stargard
83%
EKU Kutno
82%
PL Leszno
80%
ZGY Gryfice
78%
SZO Żory
77%
FZA Żary
75%
BL Łomża
74%
KTT Zakopane
74%
LRY Dęblin
52%
Nie znaleziono quizów pasujących do podanych kryteriów
Rozkład punktacji
Procent ludzi z każdym wynikiem
Percentyl według liczby udzielonych odpowiedzi
Twoja historia wyników
Nie rozwiązałeś tego quizu